<?xml version="1.0" encoding="UTF-8"?><?xml-stylesheet type="text/xsl" href="static/style.xsl"?><OAI-PMH xmlns="http://www.openarchives.org/OAI/2.0/" xmlns:xsi="http://www.w3.org/2001/XMLSchema-instance" xsi:schemaLocation="http://www.openarchives.org/OAI/2.0/ http://www.openarchives.org/OAI/2.0/OAI-PMH.xsd"><responseDate>2026-04-18T07:03:04Z</responseDate><request verb="GetRecord" identifier="oai:www.recercat.cat:2445/218813" metadataPrefix="marc">https://recercat.cat/oai/request</request><GetRecord><record><header><identifier>oai:recercat.cat:2445/218813</identifier><datestamp>2025-12-05T14:16:56Z</datestamp><setSpec>com_2072_1057</setSpec><setSpec>col_2072_478816</setSpec><setSpec>col_2072_478902</setSpec><setSpec>col_2072_478917</setSpec></header><metadata><record xmlns="http://www.loc.gov/MARC21/slim" xmlns:dcterms="http://purl.org/dc/terms/" xmlns:xsi="http://www.w3.org/2001/XMLSchema-instance" xmlns:doc="http://www.lyncode.com/xoai" xsi:schemaLocation="http://www.loc.gov/MARC21/slim http://www.loc.gov/standards/marcxml/schema/MARC21slim.xsd">
   <leader>00925njm 22002777a 4500</leader>
   <datafield ind2=" " ind1=" " tag="042">
      <subfield code="a">dc</subfield>
   </datafield>
   <datafield ind2=" " ind1=" " tag="720">
      <subfield code="a">Borrallo-Lopez, Lucía</subfield>
      <subfield code="e">author</subfield>
   </datafield>
   <datafield ind2=" " ind1=" " tag="720">
      <subfield code="a">Guzman, Laura</subfield>
      <subfield code="e">author</subfield>
   </datafield>
   <datafield ind2=" " ind1=" " tag="720">
      <subfield code="a">Romero, Noelia Giselle</subfield>
      <subfield code="e">author</subfield>
   </datafield>
   <datafield ind2=" " ind1=" " tag="720">
      <subfield code="a">Sampietro, Anna</subfield>
      <subfield code="e">author</subfield>
   </datafield>
   <datafield ind2=" " ind1=" " tag="720">
      <subfield code="a">Mallo Abreu, Ana</subfield>
      <subfield code="e">author</subfield>
   </datafield>
   <datafield ind2=" " ind1=" " tag="720">
      <subfield code="a">Guardia Escoté, Laia</subfield>
      <subfield code="e">author</subfield>
   </datafield>
   <datafield ind2=" " ind1=" " tag="720">
      <subfield code="a">Teixidó Condomines, Elisabet</subfield>
      <subfield code="e">author</subfield>
   </datafield>
   <datafield ind2=" " ind1=" " tag="720">
      <subfield code="a">Flick, Burkhard</subfield>
      <subfield code="e">author</subfield>
   </datafield>
   <datafield ind2=" " ind1=" " tag="720">
      <subfield code="a">Fernàndez Busquets, Xavier</subfield>
      <subfield code="e">author</subfield>
   </datafield>
   <datafield ind2=" " ind1=" " tag="720">
      <subfield code="a">Muñoz-Torrero López-Ibarra, Diego</subfield>
      <subfield code="e">author</subfield>
   </datafield>
   <datafield ind2=" " ind1=" " tag="720">
      <subfield code="a">Barenys Espadaler, Marta</subfield>
      <subfield code="e">author</subfield>
   </datafield>
   <datafield ind2=" " ind1=" " tag="260">
      <subfield code="c">2025-02-17T07:54:06Z</subfield>
   </datafield>
   <datafield ind2=" " ind1=" " tag="260">
      <subfield code="c">2025-02-17T07:54:06Z</subfield>
   </datafield>
   <datafield ind2=" " ind1=" " tag="260">
      <subfield code="c">2025-01-22</subfield>
   </datafield>
   <datafield ind2=" " ind1=" " tag="260">
      <subfield code="c">2025-02-17T07:54:06Z</subfield>
   </datafield>
   <datafield ind2=" " ind1=" " tag="520">
      <subfield code="a">&lt;p>Background: Malaria during pregnancy implies a high risk for the mother and the developing child. However, the&lt;/p>&lt;p>therapeutic options for pregnant women have historically been very limited, especially during the first trimester&lt;/p>&lt;p>of pregnancy due to potential adverse effects on embryo-fetal development. Recently, there has been great&lt;/p>&lt;p>controversy regarding these potential embryo-fetal adverse effects because the results of rodent studies were not&lt;/p>&lt;p>in accordance with the clinical data available, and finally the WHO has changed the recommendations for&lt;/p>&lt;p>pregnant women with uncomplicated &lt;em>P. falciparum&lt;/em> malaria to treatment with artemether-lumefantrine during&lt;/p>&lt;p>the first trimester. The discrepancy between pre-clinical and clinical studies has been attributed to speciesdifferences&lt;/p>&lt;p>in the duration of the window of susceptibility of circulating primitive erythroblasts.&lt;/p>&lt;p>Methods: Here we provide a tool based on an alternative method to animal experimentation that accelerates the&lt;/p>&lt;p>research of novel drugs for pregnant women. We have adapted the zebrafish embryo developmental toxicity&lt;/p>&lt;p>assay to include hemoglobin staining in the embryos and two time-points of lethality and dysmorphogenesis&lt;/p>&lt;p>evaluation. These two time-points were selected to include one when the development is independent of and one&lt;/p>&lt;p>when the development is dependent of erythrocytes function. The method was used to test four marketed&lt;/p>&lt;p>antimalarial drugs and three new antimalarial drug candidates.&lt;/p>&lt;p>Results: Our combination of tests can correctly predict the teratogenic and non-teratogenic effects of several&lt;/p>&lt;p>antimalarial marketed drugs (artemisinin, quinine, chloroquine, and dihydroartemisinin + desbutyl-lumefantrine).&lt;/p>&lt;p>Furthermore, we have tested three new drug candidates (GS-GUAN, DONE3TCl, and YAT2150) with novel&lt;/p>&lt;p>mechanisms of action, and different from those of the marketed antimalarial drugs.&lt;/p>&lt;p>Conclusions: We propose a decision tree combining the results of the two time-points of evaluation together with&lt;/p>&lt;p>the information on significant erythrocyte depletion. The aim of this decision tree is to identify compounds with&lt;/p>&lt;p>no or lower hazard on teratogenicity or erythrocyte depletion at an early phase of the drug development process.&lt;/p></subfield>
   </datafield>
   <datafield tag="653" ind2=" " ind1=" ">
      <subfield code="a">Peix zebra</subfield>
   </datafield>
   <datafield tag="653" ind2=" " ind1=" ">
      <subfield code="a">Toxicologia</subfield>
   </datafield>
   <datafield tag="653" ind2=" " ind1=" ">
      <subfield code="a">Embriologia</subfield>
   </datafield>
   <datafield tag="653" ind2=" " ind1=" ">
      <subfield code="a">Zebra danio</subfield>
   </datafield>
   <datafield tag="653" ind2=" " ind1=" ">
      <subfield code="a">Toxicology</subfield>
   </datafield>
   <datafield tag="653" ind2=" " ind1=" ">
      <subfield code="a">Embryology</subfield>
   </datafield>
   <datafield ind2="0" ind1="0" tag="245">
      <subfield code="a">Combining the zebrafish embryo developmental toxicity assay (ZEDTA) with hemoglobin staining to accelerate the research of novel antimalarial drugs for pregnant women</subfield>
   </datafield>
</record></metadata></record></GetRecord></OAI-PMH>